|
|
|
|
| LEADER |
00000nam a22000007a 4500 |
| 005 |
20200310220410.0 |
| 007 |
cr|||| |||| |
| 008 |
200310s2007 co |||||s|||| 00||0 spa d |
| 020 |
|
|
|a 978-958-9348-40-6
|
| 035 |
|
|
|a 31196
|
| 040 |
|
|
|a vLex
|
| 090 |
|
|
|c 10218
|d 10218
|
| 100 |
1 |
|
|a Galln̤ Giraldo, Gustavo
|
| 245 |
1 |
0 |
|a Verdad, justicia y reparacin̤
|h [Recurso electrn̤ico] :
|b Algunas preguntas y respuestas /
|c Gustavo Galln̤ Giraldo, Lorena Nieto Padilla, Michael Reed Hurtado, Hernando Salazar
|
| 256 |
|
|
|a Servicio en ln̕ea
|
| 260 |
|
|
|a Bogot:̀
|b Comisin̤ Colombiana de Juristas,
|c 2007
|
| 300 |
|
|
|a 1 recurso electrn̤ico
|
| 506 |
1 |
|
|a Disponible solo en los productos indicados
|d vLex Global
|d vLex Global (Academic Edition, excluding Law Schools)
|d vLex Global (U.S. Academic Edition, Law Schools)
|d vLex Global (U.S. Academic Edition, excluding Law Schools)
|d vLex Global (Academic Edition, Law Schools)
|
| 650 |
0 |
4 |
|a Derecho Pb︢lico y Administrativo
|z Colombia
|
| 650 |
0 |
4 |
|a Derecho Internacional
|z Colombia
|
| 700 |
1 |
|
|a Nieto Padilla, Lorena
|
| 700 |
1 |
|
|a Reed Hurtado, Michael
|
| 700 |
1 |
|
|a Salazar, Hernando
|
| 740 |
0 |
|
|a vLex Libros (Servicio en ln̕ea)
|
| 856 |
4 |
0 |
|u http://vlex.com/source/verdad-justicia-reparacion-algunas-preguntas-respuestas-31196
|z Acceso restringido
|
| 942 |
|
|
|c BOOK
|
| 999 |
0 |
|
|a Public and Administrative Law
|
| 999 |
0 |
|
|a International Law
|